Mauritanie : opportunities et conditions March 2004.

Bibliographic Details
Format: Book
Published: [S.l]: United Nations, 2004.
Subjects:
LEADER 00399cam a2200133 7i4500
001 0000015366
005 20050422090000.0
090 0 0 |a MAUR 332.6   |b MAU 
245 0 0 |a Mauritanie :   |b opportunities et conditions March 2004. 
260 0 0 |a [S.l]:   |b United Nations,   |c 2004. 
300 # # |a 72 p. 
650 0 0 |a Investments --   |z Mauritanie  
651 0 0 |a Mauritanie  
999 |a 0000016808  |b Book  |c Countries  |e Business Information Centre